00691nam a2200205Ia 4500008004100000020001500041082001800056100001800074245003000092250000800122260002700130300000800157500002400165650001600189700002000205942000700225952010700232952013100339999001500470230524s9999 xx 000 0 und d a8125914358 a621.3821bSAL aS.Salivahanam 0aDigital Circuits & Design a2nd aNEW DELHIbVikasc2003 a588 aQuantity Number: 2 aElectronics a S. Arivazhagan cBK 00104070aTATCLbTATCLcGENd2023-05-24l0o621.3821 SALp6226r2023-05-24w2023-05-24yBKzCPEC5202 00104070aTATCLbTATCLcGENd2023-05-24l1o621.3821 SALp6227q2014-12-23r2024-01-25s2024-01-25w2023-05-24yBKzCPEC5202 c7222d7222